000 01519cam a2200397 i 4500
999 _c34958
_d34958
001 17345445
003 OSt
005 20200224150613.0
008 120501s2012 ii b 001 0beng
010 _a 2012354552
020 _a9789380081182
025 _aI-E-2012-354552; 61-24; 68-24
035 _a(IN-NdUBS) 2012354552
037 _bLibrary of Congress -- New Delhi Overseas Office
040 _aDLC
_beng
_erda
_cDLC
_dDLC
_dDLC
042 _alcode
_apcc
043 _aa-ii---
050 0 0 _aHN690.K4
_bS45 2012
082 _a954.04092
_bSEK/S
100 1 _aSekhar, Ajay,
_d1976-
_eauthor.
_92047
245 1 0 _aSahodaran Ayyappan :
_btowards a democratic future life and select works /
_cAjay Sekher.
264 1 _aCalicut :
_bOther Books,
_c2012.
300 _a266 pages ;
_c21 cm
336 _atext
_btxt
_2rdacontent
337 _aunmediated
_bn
_2rdamedia
338 _avolume
_bnc
_2rdacarrier
504 _aIncludes bibliographical references (pages 260-262) and index.
520 _aBiography and selected works of Ke. Ayyappan, 1889-1968, social reformer cum poet from Kerala.
600 1 0 _aAyyappan, Ke.,
_d1889-1968.
650 0 _aSocial reformers
_zIndia
_zKerala
_vBiography.
650 0 _aAuthors, Malayalam
_y20th century
_vBiography.
700 1 _aAyyappan, Ke.,
_d1889-1968.
_kSelections
_92048
906 _a7
_bpar
_corigode
_d3
_encip
_f20
_gy-gencatlg
942 _2ddc
_cBK
_h954.04092
_iSEK/S
_k954.04092
_mSEK/S